Abolition of the feudal system: The new law of real burdens (Record no. 74152)

MARC details
000 -LEADER
fixed length control field 01369cab a2200265 4500
001 - CONTROL NUMBER
control field ABS67550
008 - FIXED-LENGTH DATA ELEMENTS--GENERAL INFORMATION
fixed length control field 040217n2004 000 0 eng u
035 ## - SYSTEM CONTROL NUMBER
System control number (Sirsi) u125170
100 ## - MAIN ENTRY--PERSONAL NAME
Personal name McNeil, J.
245 ## - TITLE STATEMENT
Title Abolition of the feudal system: The new law of real burdens
260 ## - PUBLICATION, DISTRIBUTION, ETC.
Date of publication, distribution, etc. 2004
490 ## - SERIES STATEMENT
Series statement Journal of the Law Society of Scotland
Volume/sequential designation 49(1) January 2004, 56-57
490 ## - SERIES STATEMENT
Series statement Journal of the Law Society of Scotland
Volume/sequential designation 49(2) February 2004, 54-55(4)
520 ## - SUMMARY, ETC.
Summary, etc. First two articles in a series looking at the abolition of the feudal system in Scotland and its effect on land ownership. Outlines the key features of the Abolition of Feudal Tenure Etc (Scotland) Act 2000 including extinction of feuduties and the extinction of the superior's right to enforce real burdens. Explains the provisions permitting reallocation of feudal burdens and the fate of development value burdens. The law relating to real burdens will be dealt with by the Title Conditions (Scotland) Act 2003. Both Acts are due to come into force on 28 November 2004.
590 ## - LOCAL NOTE (RLIN)
Local note ABS
650 ## - SUBJECT ADDED ENTRY--TOPICAL TERM
Topical term or geographic name entry element SCOTLAND
650 ## - SUBJECT ADDED ENTRY--TOPICAL TERM
Topical term or geographic name entry element ABOLITION OF FEUDAL TENURE ETC (SCOTLAND) ACT 2000
650 ## - SUBJECT ADDED ENTRY--TOPICAL TERM
Topical term or geographic name entry element TITLE CONDITIONS (SCOTLAND) ACT 2003
650 ## - SUBJECT ADDED ENTRY--TOPICAL TERM
Topical term or geographic name entry element FEUDAL SYSTEM
650 ## - SUBJECT ADDED ENTRY--TOPICAL TERM
Topical term or geographic name entry element REAL BURDENS
650 ## - SUBJECT ADDED ENTRY--TOPICAL TERM
Topical term or geographic name entry element LAND TENURE
650 ## - SUBJECT ADDED ENTRY--TOPICAL TERM
Topical term or geographic name entry element LAND OWNERSHIP
690 ## - LOCAL SUBJECT ADDED ENTRY--TOPICAL TERM (OCLC, RLIN)
Topical term or geographic name as entry element PROPERTY
942 ## - ADDED ENTRY ELEMENTS (KOHA)
Suppress in OPAC 0
Holdings
Withdrawn status Lost status Source of classification or shelving scheme Damaged status Not for loan Home library Current library Shelving location Date acquired Total Checkouts Full call number Barcode Date last seen Copy number Price effective from Koha item type
    Dewey Decimal Classification     London London Journal article 17/02/2004   ABS67550 125170-1001 06/08/2019 1 06/08/2019 Journal article